LEADER 01192nam a2200253 a 4500 001 000000144653 003 CaOOAMICUS 005 20150707112913.0 008 150707s1982 it u000 u ita r 040 $aPUL$bita 100 1 $aBraido, Pietro.$0(OLS)http://pul/name/5416 245 10$aMomenti di storia della catechesi e del catechismo dal Concilio di Trento al Concilio Vaticano I /$cPietro Braido. 260 $aRoma :$b[s.n.],$c1982. 300 $a282 p. ;$c24 cm 500 $aIn testa al front.: Universitą Pontificia Salesiana. Facoltą di Scienze dell'Educazione. 504 $aIncluse note bibliografiche. 650 4$aCatechesi$xStoria.$0(OLS)http://pul/subject/20999 710 2 $aPontificia Universitą Salesiana.$bFacoltą di scienze dell'educazione.$0(OLS)http://pul/name/13047 850 $aPUL 852 $aPUL$W1$xDP1 Fondo S. Lanza$y121$m3 H 99$j166989$qFondi$B167578$CPULBib$Z2$F167578 $HLan2041 $82 941 1 $a1 996 $6245$aMomenti di storia della catechesi e del catechismo dal Concilio di Trento al Concilio Vaticano I$9(OLS)http://pul/title/182986 996 $6260$aRoma :$b[s.n.]$9(OLS)http://pul/publisher/47958 LEADER 01319nam a2200313 u 4500 001 000000042245 003 CaOOAMICUS 005 20070226114314.0 008 990224s1980 it u000 u ita u 035 $a10815242 040 $aPUL(R)$bita 041 1 $aita$hger 100 1 $aKüng, Hans,$d1928-$0(OLS)http://pul/name/4001 240 10$aJesu im Widerstreit.$lItaliano.$0(OLS)http://pul/title/56987 245 10$aGesł, segno di contraddizione :$bun dialogo ebraico-cristiano /$cHans Küng [e] Pinchas Lapide ; traduzione dal tedesco di Giovanni Moretto. 260 $aBrescia :$bQueriniana,$cc1980. 300 $a44 p. ;$c20 cm 490 1 $aGiornale di teologia ;$v125 504 $aIndicazioni bibliografiche p. 44. 650 4$aGiudaismo e altre religioni.$0(OLS)http://pul/subject/18845 700 1 $aLapide, Pinchas,$d1922-1997.$0(OLS)http://pul/name/31047 830 0$aGiornale di teologia ;$v125.$0(OLS)http://pul/title/9027 850 $aPUL 852 $aPUL$W1$xSL Religione 3$y85$m200 GDT 1.125$j57140$nBK-PRI$qDDC 21$B57140$CPULBib$Z2$F57140 $82 941 1 $a9 961 $aINV: 48614 983 0$aGdT. 996 $6245$aGesł, segno di contraddizione :$bun dialogo ebraico-cristiano$9(OLS)http://pul/title/56988 996 $6260$aBrescia :$bQueriniana$9(OLS)http://pul/publisher/47906